Corporate goverance (Record no. 4011)

MARC details
000 -LEADER
fixed length control field 00374nam a22001457a 4500
008 - FIXED-LENGTH DATA ELEMENTS--GENERAL INFORMATION
fixed length control field 250630b |||||||| |||| 00| 0 eng d
020 ## - INTERNATIONAL STANDARD BOOK NUMBER
ISBN 9789991045007
100 ## - MAIN ENTRY--AUTHOR
Author Bendu Allie Dante
245 ## - TITLE STATEMENT
Title Corporate goverance
260 ## - PUBLICATION, DISTRIBUTION, ETC. (IMPRINT)
Place of publication Lagos
Name of publisher intes training & educational service
300 ## - COLLATION
Pagination vi,80p.
650 ## - TRACINGS
Main Subject Corporate goverance
942 ## - ADDED ENTRY ELEMENTS (KOHA)
Item type Books
050 ## - LIBRARY OF CONGRESS CALL NUMBER
Classification number HD2745
Item number .A55
Holdings
Source of classification or shelving scheme Not for loan Permanent location Current location Date acquired Accession No. Full call number Barcode. Koha item type
Library of Congress Classification   Samuel Ogbemudia Main Library, University of Abuja Samuel Ogbemudia Main Library, University of Abuja 06/30/2025 2025/64952-53 HD2745.A55 2025-2722 Books
Library of Congress Classification   Samuel Ogbemudia Main Library, University of Abuja Samuel Ogbemudia Main Library, University of Abuja 06/30/2025 2025/64952-53 HD2745.A55 2025-2723 Books